Kontrolné právomoci valného zhromaždenia spoločnosti s r. o.

Valné zhromaždenie v spoločnosti s ručením obmedzeným a jeho kontrolné právomoci. Konflikty v spoločnosti s ručením obmedzeným. Kontrolný status valného zhromaždenia. Personálna politika v s. r. o. Zmena interných dokumentov v spoločnosti s r. o. Žaloba o neplatnosť uznesenia valného zhromaždenia....

ver descrição completa

Na minha lista:
Detalhes bibliográficos
Autor principal: Čurila, Dušan
Formato: Capítulo de Livro
Idioma:eslovaco
Assuntos:
Tags: Adicionar Tag
Sem tags, seja o primeiro a adicionar uma tag!

MARC

LEADER 00000naa a2200000 4500
001 0283444
005 20240417075204.1
041 0 |a slo 
044 |a SK 
245 1 0 |a Kontrolné právomoci valného zhromaždenia spoločnosti s r. o.  |c Dušan Čurila 
520 |a Valné zhromaždenie v spoločnosti s ručením obmedzeným a jeho kontrolné právomoci. Konflikty v spoločnosti s ručením obmedzeným. Kontrolný status valného zhromaždenia. Personálna politika v s. r. o. Zmena interných dokumentov v spoločnosti s r. o. Žaloba o neplatnosť uznesenia valného zhromaždenia. Spoločnosť s. r. o. s jediným spoločníkom. 
610 2 0 |a spoločnosti s r.o. 
610 2 0 |a spoločnosti obchodné 
610 2 0 |a právomoc 
610 2 0 |a kontrola 
610 2 0 |a zhromaždenia valné 
100 1 |a Čurila, Dušan